Central Library OPAC University of Rajshahi

ANTHER CULTURE AND SOMATIC EMBRYOGENESIS IN RICE (ORYZA SATIVA L.) / (Record no. 83699)

MARC details
000 -LEADER
fixed length control field 00891nam a2200241 a 4500
001 - CONTROL NUMBER
RUCL Control Number 83699
003 - CONTROL NUMBER IDENTIFIER
rucl marc code BD-RjUL
005 - DATE AND TIME OF LATEST TRANSACTION
control field 20240509105527.0
008 - FIXED-LENGTH DATA ELEMENTS--GENERAL INFORMATION
fixed length control field 240509s2006 bg a|||| m||| 00| 0 eng d
035 ## - SYSTEM CONTROL NUMBER
system control number (BD-RjUL)83699
040 ## - CATALOGING SOURCE
Original cataloging agency BD-RjUL
Language of cataloging eng
Transcribing agency BD-RjUL
Modifying agency BD-RjUL
041 ## - LANGUAGE CODE
Language code of Book eng
082 ## - DEWEY DECIMAL CLASSIFICATION NUMBER
DDC Edition number 23
Classification number 584.9
Author mark and Year SHA 2006
100 ## - MAIN ENTRY--PERSONAL NAME
Personal name SHAHNEWAZ, SHARMIN
9 (RLIN) 12926
245 10 - TITLE STATEMENT
Title ANTHER CULTURE AND SOMATIC EMBRYOGENESIS IN RICE (ORYZA SATIVA L.) /
Statement of responsibility, etc SHARMIN SHAHNEWAZ
Name of Supervisor/Co-Supervisor Supervision : A. K. M. Rafiul Islam
260 ## - PUBLICATION, DISTRIBUTION, ETC. (IMPRINT)
Place of publication, distribution, etc Rajshahi :
Name of publisher, distributor, etc Institute of Biological Sciences,University of Rajshahi
Date of publication, distribution, etc 2006
300 ## - PHYSICAL DESCRIPTION
Pagination [15], 206 leaves :
Other physical details ill.;
Dimensions 29 cm.
502 ## - DISSERTATION NOTE
Dissertation note Thesis (Ph.D.) -- Institute of Biological Sciences,University of Rajshahi,2006
504 ## - BIBLIOGRAPHY, ETC. NOTE
Bibliography, etc References : Leaves 189-206
650 ## - SUBJECT ADDED ENTRY--TOPICAL TERM
Topical term or geographic name as entry element Rice tribe
9 (RLIN) 12912
700 ## - ADDED ENTRY--SUPERVISOR/CO-SUPERVISOR NAME
Personal name Islam, A. K. M. Rafiul, Supervision
9 (RLIN) 12927
942 ## - ADDED ENTRY ELEMENTS (KOHA)
Source of classification or shelving scheme Dewey Decimal Classification
Koha item type Theses
Holdings
Source of classification or shelving scheme Damaged status Not for loan Collection code Permanent Location Current Location Shelving location Date of accession Source of acquisition Total Checkouts Full call number Barcode Date last seen Copy number Thesis
Dewey Decimal Classification   Not For Loan Theses Central Library, University of Rajshahi Central Library, University of Rajshahi Documentation Section 12/02/2007 Controller of Exam. R.U.   THE 584.9 SHA 2006 D2576 09/05/2024 C-1 Theses